000
00341 a2200157 4500
001
184421
020
_a
040
_c
Magnum
100
_a
Vigna, Elvira
240
1
0
_a
Problemas com o cachorro?
_l
por
245
1
0
_a
Problemas com o cachorro?
300
_a
440
1
_a
Miguilim
697
_a
LITERATURA INFANTO-JUVENIL
942
_c
BK
999
_c
184421
_d
184421